Ashworth's principles of criminal law / (Record no. 613500)

000 -LEADER
fixed length control field 01510cam a2200349 i 4500
001 - CONTROL NUMBER
control field 22369373
005 - DATE AND TIME OF LATEST TRANSACTION
control field 20250328095641.0
008 - FIXED-LENGTH DATA ELEMENTS--GENERAL INFORMATION
fixed length control field 220103s2022 enk b 001 0 eng
010 ## - LIBRARY OF CONGRESS CONTROL NUMBER
LC control number 2022930034
020 ## - INTERNATIONAL STANDARD BOOK NUMBER
International Standard Book Number 9780192897381
Qualifying information (paperback)
040 ## - CATALOGING SOURCE
Original cataloging agency DLC
Language of cataloging eng
Description conventions rda
Transcribing agency DLC
042 ## - AUTHENTICATION CODE
Authentication code pcc
043 ## - GEOGRAPHIC AREA CODE
Geographic area code e-uk-en
050 00 - LIBRARY OF CONGRESS CALL NUMBER
Classification number KD7869
Item number .A84 2022
082 ## - DEWEY DECIMAL CLASSIFICATION NUMBER
Classification number 345.42
Author Mark HOR
100 1# - MAIN ENTRY--PERSONAL NAME
Personal name Horder, Jeremy,
Relator term author.
9 (RLIN) 128568
240 10 - UNIFORM TITLE
Uniform title Principles of criminal law
245 10 - TITLE STATEMENT
Title Ashworth's principles of criminal law /
Statement of responsibility, etc. Jeremy Horder.
246 30 - VARYING FORM OF TITLE
Title proper/short title Principles of criminal law
250 ## - EDITION STATEMENT
Edition statement Tenth edition.
264 #1 - PRODUCTION, PUBLICATION, DISTRIBUTION, MANUFACTURE, AND COPYRIGHT NOTICE
Place of production, publication, distribution, manufacture Oxford, United Kingdom :
Name of producer, publisher, distributor, manufacturer Oxford University Press,
Date of production, publication, distribution, manufacture, or copyright notice [2022]
300 ## - PHYSICAL DESCRIPTION
Extent xxxii, 572 pages ;
Dimensions 25 cm
336 ## - CONTENT TYPE
Content type term text
Content type code txt
Source rdacontent
337 ## - MEDIA TYPE
Media type term unmediated
Media type code n
Source rdamedia
338 ## - CARRIER TYPE
Carrier type term volume
Carrier type code nc
Source rdacarrier
504 ## - BIBLIOGRAPHY, ETC. NOTE
Bibliography, etc. note Includes bibliographical references and index.
505 0# - FORMATTED CONTENTS NOTE
Formatted contents note Criminal law process -- Criminal law history -- Criminal law values -- Criminal law fabric -- Criminal conduct : actus reus, causation, and permissions -- Criminal capacity, mens rea, and fault -- Excusatory defences -- Homicide -- Non-fatal violations of the person -- Offences of dishonesty -- Complicity -- Inchoate offences.
650 #0 - SUBJECT ADDED ENTRY--TOPICAL TERM
Topical term or geographic name entry element Criminal law
Geographic subdivision England.
9 (RLIN) 35605
906 ## - LOCAL DATA ELEMENT F, LDF (RLIN)
a 7
b cbc
c origcop
d 2
e ncip
f 20
g y-gencatlg
942 ## - ADDED ENTRY ELEMENTS (KOHA)
Source of classification or shelving scheme
Koha item type Book
Holdings
Withdrawn status Lost status Source of classification or shelving scheme Damaged status Not for loan Permanent Location Current Location Date acquired Total Checkouts Full call number Barcode Date last seen Date last checked out Price effective from Koha item type
          NUST Law School (NLS) NUST Law School (NLS) 03/28/2025 1 345.42 HOR NLS-1628 01/26/2026 01/26/2026 03/28/2025 Book
© 2023 Central Library, National University of Sciences and Technology. All Rights Reserved.